000 00963nam a22001937a 4500
999 _c62059
_d62059
003 Ge_BSU
005 20240628113408.0
008 240628s1984 ge ||||| |||| 00| 0 geo d
041 _ageo
080 _a616.89(479.22)(092) გ-51
100 _aგიორგაძე, ვახტანგ
_922626
245 _aკვალი ნათელი. ივანე სხირტლაძე :
_b[ნარკვევი ექიმ-ფსიქიატრზე].
_cვახტანგ გიორგაძე; რედ. ლ. კალანდაძე.
264 _aთბ. :
_bსაბჭ. საქართველო,
_c1984.
300 _a54გვ. :
_b ილ. ;
_c16სმ.
653 _aსხირტლაძე, ივანე
653 _aქართველი ექიმი-ფსიქიატრები
700 _aკალანდაძე, ლ.
_eრედაქტორი
_96059
942 _2udc
_cᲬᲘᲒᲜᲘ